|
|
|
|
| LEADER |
00000nam0a2200000 4500 |
| 001 |
13797 |
| 005 |
20231030185203.0 |
| 010 |
|
|
|a 966552027X
|
| 035 |
|
|
|a (RuTPU)RU\TPU\book\13880
|
| 035 |
|
|
|a BOOK00013948
|
| 090 |
|
|
|a 13797
|
| 100 |
|
|
|a 20011209d1999 m y0rusy50 ca
|
| 101 |
0 |
|
|a rus
|
| 102 |
|
|
|a UA
|
| 105 |
|
|
|a y gj 000zy
|
| 200 |
1 |
|
|a Самоучитель по работе в Internet и каталог ресурсов
|f Н. Берченко, И. Березовская
|
| 210 |
|
|
|a Киев
|c BHV
|d 1999
|
| 215 |
|
|
|a 475 с.
|
| 333 |
|
|
|a Исключено из фонда НТБ ТПУ
|
| 700 |
|
1 |
|a Берченко
|b Н.
|g Николай
|
| 701 |
|
1 |
|a Березовская
|b И.
|g Ирина
|
| 801 |
|
0 |
|a RU
|b 63413507
|c 20011209
|g PSBO
|
| 801 |
|
2 |
|a RU
|b 63413507
|c 20210330
|g PSBO
|
| 942 |
|
|
|c BK
|